000 01101nas a2200349 4500
001 BR2016002074
003 BR-BrBNA
005 20231205130430.0
007 ta
008 230509b bl.|||p| |||| 00| 00por d
040 _aBR-BrBNA
_bpor
_cBiblioteca Nacional de Agricultura
041 _a(Pt)
072 _aL51
100 1 _aAbrão, F.O.
100 1 _aDuarte, E.R.
100 1 _aNigri, A.C. de A.
100 1 _aSilva, M.L.F.
100 1 _aRibeiro, I.C.O.
100 1 _aSilva, K.L. da
100 1 _aRosa, C.A.
100 1 _aRodriguesz, N.M.
245 1 _aCaracterização físico-química e microbiológica e população de fungos no conteúdo ruminal de novilhos de corte hígidos ou com acidose ruminal
650 _aNOVILHO DE CORTE
650 _aCONFINAMENTO
650 _aMICROBIOLOGIA
650 _aRUMINACAO
650 _aNUTRICAO ANIMAL
650 _aBRACHIARIA
773 0 _tRevista Brasileira de Medicina Veterinária (Brazil)
_xISSN 0100-2430
_g(Jan-Mar 2015), v. 37(1) p. 7-14
_wBR2016002074
909 _a202311
_bLúcia
_c55
_dLúcia Elande
942 _2AGRIS
_n0
_cANA
999 _c249412
_d249412